Countries With Boundaries To Syria - Statistics

General Stats
  • This quiz has been taken 161 times
  • The average score is 5 of 5
Answer Stats
English Türkçe % Correct
Israel İsrail
99%
Turkey Türkiye
99%
Iraq Irak
97%
Lebanon Lübnan
95%
Jordan Ürdün
90%
No matching quizzes found
Score Distribution
Percent of People with Each Score
Percentile by Number Answered
Your Score History
You have not taken this quiz